MyGZULibrary

Psychiatry for the developing world / (Record no. 11790)

MARC details
000 -LEADER
fixed length control field 01092nam a2200373 a 4500
001 - CONTROL NUMBER
control field 2131173
003 - CONTROL NUMBER IDENTIFIER
control field GZU
005 - DATE AND TIME OF LATEST TRANSACTION
control field 20260508094724.0
008 - FIXED-LENGTH DATA ELEMENTS--GENERAL INFORMATION
fixed length control field 970325s1996 enka b 001 0 eng
010 ## - LIBRARY OF CONGRESS CONTROL NUMBER
LC control number 97132079
020 ## - INTERNATIONAL STANDARD BOOK NUMBER
International Standard Book Number 0902241869
020 ## - INTERNATIONAL STANDARD BOOK NUMBER
International Standard Book Number 0880486430
020 ## - INTERNATIONAL STANDARD BOOK NUMBER
International Standard Book Number 9780902241862
020 ## - INTERNATIONAL STANDARD BOOK NUMBER
International Standard Book Number 9780880486439
022 ## - INTERNATIONAL STANDARD SERIAL NUMBER
International Standard Serial Number .
035 ## - SYSTEM CONTROL NUMBER
System control number 2131173
040 ## - CATALOGING SOURCE
Original cataloging agency DLC
Transcribing agency DLC
Language of cataloging eng
Modifying agency GZULib
Description conventions rda
043 ## - GEOGRAPHIC AREA CODE
Geographic area code d------
050 00 - LIBRARY OF CONGRESS CALL NUMBER
Classification number RC451.
Item number PSY 1996
245 00 - TITLE STATEMENT
Title Psychiatry for the developing world /
Statement of responsibility, etc. edited by Digby Tantam, Alice Duncan and Louis Appleby.
260 ## - PUBLICATION, DISTRIBUTION, ETC.
Place of publication, distribution, etc. London :
Name of publisher, distributor, etc. Gaskell,
Date of publication, distribution, etc. c1996.
300 ## - PHYSICAL DESCRIPTION
Extent x, 374 pages. :
Other physical details illustrations. ;
Dimensions 24 cm.
336 ## - CONTENT TYPE
Content type term text
Content type code txt
Source rdacontent
337 ## - MEDIA TYPE
Media type term unmediated
Media type code n
Source rdamedia
338 ## - CARRIER TYPE
Carrier type term volume
Carrier type code nc
Source rdacarrier
504 ## - BIBLIOGRAPHY, ETC. NOTE
Bibliography, etc. note Includes bibliographical references and index.
505 ## - FORMATTED CONTENTS NOTE
Formatted contents note .
520 ## - SUMMARY, ETC.
Summary, etc. .
650 #0 - SUBJECT ADDED ENTRY--TOPICAL TERM
Topical term or geographic name entry element Psychiatry
Geographic subdivision Developing countries.
700 1# - ADDED ENTRY--PERSONAL NAME
Personal name Tantam, Digby.
Relator term editor
700 1# - ADDED ENTRY--PERSONAL NAME
Personal name Duncan, Alice.
Relator term editor
700 1# - ADDED ENTRY--PERSONAL NAME
Personal name Appleby, Louis.
Relator term editor
942 ## - ADDED ENTRY ELEMENTS (KOHA)
Source of classification or shelving scheme Library of Congress Classification
Koha item type Books
Classification part 451
Item part PSY
Call number prefix RC
Holdings
Withdrawn status Lost status Source of classification or shelving scheme Damaged status Not for loan Collection code Home library Current library Shelving location Date acquired Source of acquisition Total Checkouts Full call number Barcode Date last seen Copy number Price effective from Koha item type
    Library of Congress Classification     Non-fiction Masvingo Teaching Hospital Library Masvingo Teaching Hospital Library General Stacks 05/08/2026 Donation from UKZN   RC451 PSY 1996 034653 05/08/2026 c. 1 05/08/2026 Books